ბათუმის შოთა რუსთაველის სახელმწიფო უნივერსიტეტის ბიბლიოთეკა

უნივერსიტეტები მოძრაობაში: (ბიბ.ჩანაწერი № 60454)

000 -ლიდერი
ფიქსირებული სიგრძის საკონტროლო ველი 01374nam a22002297a 4500
003 - საკონტროლო ნომრის იდენტიფიკატორი
საკონტროლო ველი Ge_BSU
005 - ბოლო ოპერაციის თარიღი და დრო
საკონტროლო ველი 20230721150745.0
008 - ფიქსირებული სიგრძის მონაცემთა ელემენტები - ზოგადი ინფორმაცია
ფიქსირებული სიგრძის საკონტროლო ველი 230721s2022ge xxu||||| |||| 00| 0 geo d
020 ## - წიგნის საერთაშორისო სტანდარტული ნომერი
International Standard Book Number 9789941501357
041 ## - ენის კოდი
Language code of text/sound track or separate title geo
080 ## - უნივერსალური ათობითი კლასიფიკაციის ინდექსი
Universal Decimal Classification number 378 უ-47
245 ## - ცნობა სათაურის შესახებ
Title უნივერსიტეტები მოძრაობაში:
Remainder of title გამოწვევები და პასუხიმგებლობები /
Statement of responsibility, etc რედ. შალვა მაჭავარიანი, გიორგი თავაძე;
264 ## - წარმოების, გამოცემის, დისტრიბუციის და სხვა ცნობები
გამოცემის, წარმოების, დისტრიბუციის... ადგილი თბილისი :
გამოცემის, წარმოების, დისტრიბუციის... სახელწოდება აღმოსავლეთ ევროპის უნივერსიტეტი,
გამოცემის, წარმოების, დისტრიბუციის... თარიღი 2022.
300 ## - ფიზიკური აღწერა
Extent 153 გვ.:
Other physical details 20 სმ..
653 ## - INDEX TERM--UNCONTROLLED
Uncontrolled term განათლება
653 ## - INDEX TERM--UNCONTROLLED
Uncontrolled term უმაღლესი განათლება
700 ## - ADDED ENTRY--PERSONAL NAME
Personal name მაჭავარიანი, შალვა
Relator term რედაქტორი
9 (RLIN) 13516
700 ## - ADDED ENTRY--PERSONAL NAME
Personal name თავაძე, გიორგი
Relator term რედაქტორი
9 (RLIN) 2230
710 ## - ADDED ENTRY--CORPORATE NAME
Corporate name or jurisdiction name as entry element აღმოსავლეთ ევროპის უნივერსიტეტი, ვარლამ ჩერქეზიშვილის სახელობის ინტერდისციპლინური კვლევების ცენტრი
9 (RLIN) 14006
773 ## - HOST ITEM ENTRY
Title ნაჩუქარი
942 ## - ADDED ENTRY ELEMENTS (KOHA)
Source of classification or shelving scheme
Koha item type წიგნი
ეგზემპლარები
ჩამოწერის სტატუსი დაკარგული ეგზემპლარის სტატუსი კლასიფიკაციის წყარო ან თაროზე გაწყობის სქემა დაზიანების სტატუსი არ გაიცემა მუდმივი მდებარეობა (დაცვის ადგილი) ამჟამინდელი ადგილსამყოფელი თაროზე განთავსების ადგილი შეძენის თარიღი ღირებულება, შესყიდვის ნორმალური ფასი სრული შენახვის შიფრი შტრიხკოდი ბოლო ოპერაციის თარიღი ეგზემპლარის მიმდევრობითი ნომერი (კეტერი?) ფასის ძალაში შესვლის თარიღი ეგზემპლარის სახეობა საჯარო შენიშვნა
          ბათუმის შოთა რუსთაველის სახელმწიფო უნივერსიტეტის მთავარი ბიბლიოთეკა ბათუმის შოთა რუსთაველის სახელმწიფო უნივერსიტეტის მთავარი ბიბლიოთეკა წიგნსაცავი 2023-07-21 6.00 378 უ-47 65017 2023-07-21 65017 2023-07-21 წიგნი 6.00